| 000 | 01235cam a2200325 a 4500 | ||
|---|---|---|---|
| 001 | 12189746 | ||
| 003 | OSt | ||
| 005 | 20241018162454.0 | ||
| 008 | 990720s1999 enk b 000 0 eng | ||
| 010 | _a 00341606 | ||
| 020 | _a1859415334 | ||
| 035 | _a(OCoLC)ocm41959962 | ||
| 040 |
_aDLC _cDLC _dDLC |
||
| 050 | 0 | 0 |
_aK235 _b.M34 1999 |
| 100 | 1 |
_aMansell, Wade. _eAuthor |
|
| 245 | 1 | 2 |
_aA critical introduction to law / _cWade Mansell, Belinda Meteyard, Alan Thomson. |
| 250 | _a2nd ed. | ||
| 260 |
_aLondon : _bCavendish Pub., _c1999. |
||
| 300 |
_axi, 197 p. ; _c24 cm. |
||
| 504 | _aIncludes bibliographical references (p. 189-197). | ||
| 650 | 0 | _aCritical legal studies. | |
| 700 | 1 | _aMeteyard, Belinda. | |
| 700 | 1 |
_aThomson, Alan, _cLLB. |
|
| 856 | 4 | 2 |
_3Contributor biographical information _uhttp://www.loc.gov/catdir/bios/cav051/00341606.html |
| 856 | 4 | 2 |
_3Publisher description _uhttp://www.loc.gov/catdir/description/cav041/00341606.html |
| 856 | 4 | 1 |
_3Table of contents only _uhttp://www.loc.gov/catdir/enhancements/fy0608/00341606-t.html |
| 906 |
_a7 _bcbc _corignew _d2 _encip _f20 _gy-gencatlg |
||
| 942 |
_2lcc _cBK _eSecond Edition _n0 |
||
| 999 |
_c68 _d68 |
||